000 01096nam a2200241Ia 4500
001 445
003 GE_BSU
008 181216s||||||||xx |||||||||||||| ||und||
020 _a9789941000379
040 _cGE_BSU
080 _a376.3
245 _aგანათლება–განსხვავებული საჭიროებების მქონე პირთა განათლება
245 _bშესავალი კურსი
245 _cრედ. ბერიტ ჰ. იონსენისა და მირიამ დ. შერტენის: ქართ გამოც. რედ.მადონა ხარებავა
260 _aთბილისი
260 _bსაქართველოს მაცნე
260 _c2007
300 _a310გვ.
541 _h12ლ.
653 _aგანათლება
653 _aგანათლება–განსხვავებული საჭიროებების მქონე პირთა განათლება
942 _cBK
999 _c34666
_d34666